[Event "Druzynowe Mistrzostwa Polski Juniorow - Ekstraliga 2018"]
[Site "Kudowa-Zdroj"]
[Date "1899-12-30"]
[Round "5.29"]
[White "Jarocka, Liwia"]
[Black "Moscicka, Pola"]
[Result "1/2-1/2"]
[WhiteTitle "FM"]
[BlackTitle "k+"]
[WhiteElo "1984"]
[BlackElo "1934"]

1. e4 d5 2. d4 c6 3. Nd2 dxe4 4. Nxe4 Bf5 5. Ng3 Bg6 6. h4 h6 7. Nf3 Nd7 8. h5
Bh7 9. Bd3 Bxd3 10. Qxd3 Qc7 11. Bd2 e6 12. O-O-O Ngf6 13. Ne4 O-O-O 14. c4 Nxe4
15. Qxe4 Nf6 16. Qe2 c5 17. Rh4 a6 18. Bc3 cxd4 19. Bxd4 Bc5 20. Ne5 Bxd4 21.
Rhxd4 Rxd4 22. Rxd4 Rd8 23. Rxd8+ Kxd8 24. g4 Ke7 25. Qe3 Nxg4 26. Qa3+ Ke8 27.
Nxg4 Qxc4+ 28. Qc3 Qxg4 29. Qc8+ Ke7 30. Qxb7+ Kf6 31. Qxa6 Qg1+ 32. Kc2 Qxf2+
33. Kc3 Qe3+ 34. Kc2 Qc5+ 35. Kb3 Qxh5 36. a4 Qd1+ 37. Ka3 h5 38. Qb6 h4 39. Qf2+
Kg5 40. Qxf7 Qd3+ 41. b3 Qg6 42. Qc7 Kh6 43. a5 h3 44. a6 Qg2 45. a7 h2 46. Qf4+
Kg6 47. Qxh2 Qxh2 48. a8=Q e5 49. Qe8+ Kf6 50. Qf8+ Kg6 51. Qe8+ Kf5 52. Qf7+
Ke4 53. Qxg7 Kf3 54. Qc7 Qe2 55. b4 e4 56. Qc6 Qd3+ 57. Kb2 Kf2 58. b5 e3 59.
Qf6+ Ke2 60. b6 Kd2 61. Qh6 Qb5+ 62. Ka3 Qa5+ 63. Kb3 Qb5+ 64. Ka3 Qa5+ 1/2-1/2

[Event "Druzynowe Mistrzostwa Polski Juniorow - Ekstraliga 2018"]
[Site "Kudowa-Zdroj"]
[Date "1899-12-30"]
[Round "5.30"]
[White "Trzaskowska, Hanna"]
[Black "Hertlein, Irena"]
[Result "0-1"]
[WhiteTitle "I"]
[BlackTitle "I+"]
[WhiteElo "1505"]
[BlackElo "1545"]

1. e4 c5 2. Nf3 Nc6 3. Bb5 g6 4. Bxc6 dxc6 5. d3 Bg7 6. h3 e5 7. Nc3 Qd6 8. Be3
Nf6 9. Nd2 b6 10. Nc4 Qc7 11. O-O Be6 12. Qe2 Bxc4 13. dxc4 O-O 14. a4 Rfd8 15.
a5 Nd7 16. axb6 axb6 17. Rad1 Nf8 18. Rxd8 Rxd8 19. Nb1 Ne6 20. c3 Qd6 21. Na3
Nf4 22. Qf3 Qd3 23. Kh2 Qxf1 24. Bxf4 exf4 25. Qxf4 Qd3 26. Qc7 Qd6+ 27. Qxd6
Rxd6 28. f4 Rd2 0-1

[Event "Druzynowe Mistrzostwa Polski Juniorow - Ekstraliga 2018"]
[Site "Kudowa-Zdroj"]
[Date "1899-12-30"]
[Round "6.1"]
[White "Lukasiewicz, Krzysztof"]
[Black "Chylewski, Patryk"]
[Result "1/2-1/2"]
[WhiteTitle "k"]
[BlackTitle "FM"]
[WhiteElo "2247"]
[BlackElo "2335"]

1. d4 Nf6 2. Bf4 d5 3. e3 e6 4. Nf3 c5 5. Nbd2 Nc6 6. c3 cxd4 7. exd4 Nh5 8. Be3
Bd6 9. Ne5 g6 10. Nd3 O-O 11. Be2 Ng7 12. O-O Nf5 13. Bf4 f6 14. Bf3 b6 15. Re1
Bxf4 16. Nxf4 Qd6 17. g3 g5 18. Ng2 Bb7 19. Ne3 Ng7 20. Qe2 Rad8 21. Bg2 Qb8 22.
Rad1 Kh8 23. Nf3 Qa8 24. Qc2 Ne7 25. h4 h6 26. Kh2 Bc6 27. Rh1 Be8 28. Bf1 Ngf5
29. hxg5 hxg5 30. Nxf5 exf5 31. Re1 Qb7 32. Ba6 Qc7 33. Qe2 Ng6 34. Bd3 Bd7 35.
Qc2 Qc8 36. g4 Rde8 37. Bxf5 Bxf5 38. Qxf5 Qxf5 39. gxf5 Ne7 40. Re6 Nxf5 41.
Rhe1 Rxe6 42. Rxe6 Kg7 43. Kg2 Rc8 44. Re1 Kf7 45. Rh1 Re8 46. Rh7+ Ng7 47. Kf1
Kg6 48. Rh1 Nf5 49. Ne1 Nd6 50. Nd3 a5 51. Rg1 Kf5 52. Rh1 Kg6 53. Rg1 Kf7 54.
Rh1 Kg7 55. Rh3 Nc4 56. Rg3 Kf7 57. Rh3 Kg7 58. Rg3 Kf7 59. Rh3 1/2-1/2

[Event "Druzynowe Mistrzostwa Polski Juniorow - Ekstraliga 2018"]
[Site "Kudowa-Zdroj"]
[Date "1899-12-30"]
[Round "6.2"]
[White "Sanz Wawer, Daniel"]
[Black "Sernecki, Franciszek"]
[Result "1/2-1/2"]
[WhiteTitle "k"]
[BlackTitle "I+"]
[WhiteElo "2233"]
[BlackElo "2175"]

1. e4 c5 2. Nf3 e6 3. d4 cxd4 4. Nxd4 a6 5. Nc3 Qc7 6. Bd3 Nf6 7. O-O Nc6 8. Nxc6
dxc6 9. Kh1 e5 10. f4 Be7 11. Qf3 b5 12. a4 Bb7 13. f5 O-O-O 14. Be3 Bb4 15. Rfd1
Ba5 16. Na2 h6 17. b4 Bb6 18. c4 Bxe3 19. Qxe3 bxc4 20. Bxc4 Rd4 21. Rxd4 exd4
22. Qxd4 Rd8 23. Qe3 Ng4 24. Qg3 Qxg3 25. hxg3 Rd2 26. Re1 c5 27. Kg1 Ne5 28.
Bb3 c4 29. Rc1 Bxe4 30. Bxc4 Kd8 31. Re1 Rxg2+ 32. Kf1 Nxc4 33. Rxe4 Rxa2 34.
Rxc4 Rxa4 35. Rg4 Ke7 36. Rxg7 Rxb4 37. Rh7 Rb6 38. Ke2 Kf8 39. Rh8+ Kg7 40. Ra8
Kf6 41. Ra7 Kxf5 42. Rxf7+ Rf6 43. Rg7 Rg6 44. Rf7+ Ke5 45. Ra7 Ke4 46. Ra8 Kd4
47. Kd2 Kc4 48. Kc2 Kb4 49. Rh8 a5 50. Kb2 Kc4 51. Ra8 Rb6+ 52. Ka2 Kb4 53. Rg8
Rf6 54. g4 Ka4 55. Rg7 Rf2+ 56. Kb1 Kb3 57. Rb7+ Kc3 58. Rb5 a4 59. Rh5 1/2-1/2

[Event "Druzynowe Mistrzostwa Polski Juniorow - Ekstraliga 2018"]
[Site "Kudowa-Zdroj"]
[Date "1899-12-30"]
[Round "6.3"]
[White "Wieczorek, Mikolaj"]
[Black "Redzisz, Michal"]
[Result "0-1"]
[WhiteTitle "I"]
[BlackTitle "I"]
[WhiteElo "1651"]
[BlackElo "1937"]

1. e4 c5 2. Nf3 d6 3. d4 cxd4 4. Nxd4 Nf6 5. Nc3 g6 6. Be3 Bg7 7. f3 O-O 8. Bc4
Nc6 9. Qd2 Bd7 10. O-O-O Rc8 11. Bb3 Ne5 12. h4 h5 13. Bh6 Nc4 14. Bxc4 Rxc4 15.
Bxg7 Kxg7 16. g4 hxg4 17. h5 Rh8 18. hxg6 fxg6 19. f4 e5 20. Nde2 Rxh1 21. Rxh1
Nxe4 22. Nxe4 Rxe4 23. fxe5 Rxe5 24. Qh6+ Kf6 25. Nd4 Qe8 26. Rf1+ Bf5 27. Qh4+
Kg7 28. Rh1 Qg8 29. Qg5 Be4 30. Qh6+ Kf6 31. Rf1+ Ke7 32. Qh4+ g5 33. Qxg4 Qxa2
34. Nb3 Qa6 35. Rf2 Qb6 36. Qg3 Bg6 37. Rf3 Qb4 38. Nd2 Qh4 39. b3 Qxg3 40. Rxg3
Re1+ 41. Kb2 Kf6 42. Rxg5 Kxg5 43. Nf3+ Kf4 44. Nxe1 Be4 45. Kc3 Ke3 46. Kc4 Kd2
47. Nd3 Bxd3+ 48. cxd3 Ke3 49. b4 a6 50. Kd5 Kxd3 51. Kxd6 Kc4 0-1

[Event "Druzynowe Mistrzostwa Polski Juniorow - Ekstraliga 2018"]
[Site "Kudowa-Zdroj"]
[Date "1899-12-30"]
[Round "6.4"]
[White "Marcinczyk, Monika"]
[Black "Bednarczyk, Mateusz"]
[Result "1-0"]
[WhiteTitle "WCM"]
[BlackTitle "II"]
[WhiteElo "1891"]
[BlackElo "1471"]

1. e4 c5 2. Nf3 e6 3. d4 cxd4 4. Nxd4 Nf6 5. Nc3 Nc6 6. Be3 Bb4 7. Nxc6 bxc6 8.
Bd4 Nxe4 9. Bxg7 Rg8 10. a3 Rxg7 11. axb4 Nxc3 12. bxc3 Qf6 13. Qd4 Qxd4 14. cxd4
d5 15. g3 f6 16. Kd2 e5 17. c3 e4 18. Be2 f5 19. Ke3 Ke7 20. Ra5 Ke6 21. Rha1
Rf7 22. Kf4 Kf6 23. Ba6 Bb7 24. Bxb7 Rxb7 25. Ra6 Rc7 26. b5 Rac8 27. R1a5 h6
28. Rxa7 Rxa7 29. Rxa7 cxb5 30. Ra6+ Kf7 31. Kxf5 Rxc3 32. Ra7+ Kf8 33. Ke5 Rf3
34. Ra2 b4 35. Rb2 b3 36. Kxd5 Rc3 37. Kxe4 Ke7 38. f4 Ke6 39. g4 Rh3 40. f5+
Kd6 41. d5 h5 42. f6 hxg4 43. Kf5 Rf3+ 44. Kg6 g3 45. h4 Kxd5 46. f7 Rf4 47. Rxb3
Rg4+ 48. Kf5 g2 49. f8=Q g1=Q 50. Qf7+ Kd6 51. Qe6+ Kc5 52. Qb6+ Kc4 53. Qb5+
Kd4 54. Rd3# 1-0

[Event "Druzynowe Mistrzostwa Polski Juniorow - Ekstraliga 2018"]
[Site "Kudowa-Zdroj"]
[Date "1899-12-30"]
[Round "6.5"]
[White "Frej, Zofia"]
[Black "Moscicka, Pola"]
[Result "1-0"]
[WhiteTitle "k"]
[BlackTitle "k+"]
[WhiteElo "1938"]
[BlackElo "1934"]

1. e4 c5 2. Nf3 e6 3. d4 cxd4 4. Nxd4 Nf6 5. Nc3 Nc6 6. Ndb5 Bb4 7. a3 Bxc3+ 8.
Nxc3 d5 9. exd5 exd5 10. Bd3 O-O 11. O-O d4 12. Ne2 Qd5 13. Nf4 Qd6 14. Nh5 Nxh5
15. Qxh5 g6 16. Qh4 Re8 17. Bf4 Qd5 18. Rfe1 Bd7 19. f3 Bf5 20. Bh6 Re6 21. Rxe6
fxe6 22. Bc4 Qd8 23. Qf2 Ne5 24. Bb3 Nf7 25. Bf4 Qf6 26. Re1 Rd8 27. Bd2 e5 28.
Qe2 Re8 29. Qb5 Qe7 30. Bb4 Qd7 31. Rxe5 Rxe5 32. Qxe5 h5 33. Bc5 d3 34. Bd4 1-0

[Event "Druzynowe Mistrzostwa Polski Juniorow - Ekstraliga 2018"]
[Site "Kudowa-Zdroj"]
[Date "1899-12-30"]
[Round "6.6"]
[White "Trzaskowska, Hanna"]
[Black "Scisla, Oliwia"]
[Result "1/2-1/2"]
[WhiteTitle "I"]
[BlackTitle "I+"]
[WhiteElo "1505"]
[BlackElo "1345"]

1. e4 c6 2. d4 d5 3. exd5 cxd5 4. Bd3 Nc6 5. c3 e5 6. dxe5 Nxe5 7. Bb5+ Nc6 8.
Nf3 Bg4 9. O-O Nf6 10. Qa4 Qc7 11. Ne5 Bd7 12. Nxd7 Qxd7 13. Re1+ Be7 14. Bf4
a6 15. Be2 O-O 16. Nd2 Qf5 17. Bg3 Bc5 18. Bf3 Rfe8 19. Qf4 Qc2 20. Nb3 Ba7 21.
Qd2 Qxd2 22. Nxd2 h6 23. Rad1 Rad8 24. Nb3 Kf8 25. Kf1 Rxe1+ 26. Rxe1 Ne7 27.
Be5 Nd7 28. Bxg7+ Kxg7 29. Rxe7 Kf6 30. Re1 Ne5 31. Nd4 Bxd4 32. cxd4 Nxf3 33.
gxf3 1/2-1/2

[Event "Druzynowe Mistrzostwa Polski Juniorow - Ekstraliga 2018"]
[Site "Kudowa-Zdroj"]
[Date "1899-12-30"]
[Round "6.7"]
[White "Koziol, Kamil"]
[Black "Gazik, Viktor"]
[Result "1-0"]
[WhiteTitle "FM"]
[BlackTitle "IM"]
[WhiteElo "2257"]
[BlackElo "2501"]

1. d4 Nf6 2. Nc3 e6 3. e4 Bb4 4. Bd3 b6 5. Nge2 Bb7 6. O-O d5 7. e5 Nfd7 8. Nb1
Be7 9. f4 g6 10. c3 h5 11. Be3 Ba6 12. Bc2 c5 13. Nd2 Nc6 14. Nf3 Qc7 15. g3 Rc8
16. Rf2 cxd4 17. Nexd4 Nc5 18. Nxc6 Qxc6 19. Bxc5 bxc5 20. h3 Kf8 21. b3 Bb7 22.
Kh2 Kg7 23. Qd2 a5 24. c4 Qb6 25. Rg1 Qb4 26. Qe2 Rh6 27. Bd3 a4 28. Rb1 Ba8 29.
Bc2 axb3 30. axb3 Rhh8 31. Rg1 Rc7 32. g4 Kf8 33. gxh5 Rxh5 34. Bxg6 fxg6 35.
Rxg6 Rh8 36. Ng5 Rc6 37. Nxe6+ Ke8 38. cxd5 Qxb3 39. Qg4 Rxe6 40. Rg8+ Rxg8 41.
Qxg8+ Bf8 42. Qxe6+ Kd8 43. Qf6+ Ke8 44. e6 Qxd5 45. Qf7+ Kd8 46. Qxf8+ Kc7 47.
Qg7+ Kb6 48. Rb2+ Ka6 49. Qg1 1-0

[Event "Druzynowe Mistrzostwa Polski Juniorow - Ekstraliga 2018"]
[Site "Kudowa-Zdroj"]
[Date "1899-12-30"]
[Round "6.9"]
[White "Oleksy, Krzysztof"]
[Black "Oborski, Artur"]
[Result "0-1"]
[WhiteTitle "I"]
[BlackTitle "I+"]
[WhiteElo "1813"]
[BlackElo "1821"]

1. c4 Nf6 2. d4 e6 3. Nc3 Bb4 4. Qc2 d5 5. Bg5 c5 6. e3 h6 7. Bxf6 Qxf6 8. Nf3
O-O 9. Rd1 cxd4 10. Nxd4 dxc4 11. Bxc4 e5 12. Ndb5 Qc6 13. Qb3 Qxg2 14. Bxf7+
Rxf7 15. Rd8+ Bf8 16. Nd6 Qxh1+ 17. Kd2 Qf3 18. Rxc8 Qxf2+ 19. Kd1 Qg1+ 20. Kd2
Qg2+ 21. Kc1 Qf1+ 22. Kd2 Qf6 23. Nce4 Qe7 24. Qd5 Qd7 25. h4 Na6 26. Rxa8 Nc7
27. Qxf7+ Qxf7 28. Nxf7 Nxa8 29. Nxe5 Nb6 30. Kd3 Be7 31. h5 Bf6 32. Nxf6+ gxf6
33. Ng4 Kg7 34. e4 Nc8 35. Kd4 Ne7 36. Kc5 f5 37. exf5 Nxf5 38. Kd5 0-1

[Event "Druzynowe Mistrzostwa Polski Juniorow - Ekstraliga 2018"]
[Site "Kudowa-Zdroj"]
[Date "1899-12-30"]
[Round "6.10"]
[White "Bogusz, Alan"]
[Black "Seemann, Jakub"]
[Result "1/2-1/2"]
[WhiteTitle "I"]
[BlackTitle "I"]
[WhiteElo "1637"]
[BlackElo "1814"]

1. d4 Nf6 2. c4 g6 3. Nc3 Bg7 4. e4 d6 5. Nf3 O-O 6. h3 e5 7. d5 a5 8. Be3 Na6
9. Be2 Nc5 10. Nd2 Ne8 11. g4 f5 12. Qc2 f4 13. Bxc5 dxc5 14. Nf3 Nd6 15. a4 Bd7
16. b3 Qe7 17. O-O-O Ra6 18. Nd2 Qh4 19. f3 Rfa8 20. Ndb1 Bf8 21. Na3 Rd8 22.
Nab1 Ne8 23. Rd2 Rf6 24. Kb2 Rf7 25. Rh2 Nd6 26. Bf1 Be7 27. Rd1 Qh6 28. Ne2 Bh4
29. Nec3 Bg3 30. Rh1 Qg5 31. Bg2 h5 32. Nb5 Bxb5 33. cxb5 b6 34. Na3 Rdd7 35.
Nc4 hxg4 36. hxg4 Rh7 37. Rxh7 Rxh7 38. Nxd6 cxd6 39. Rh1 Rxh1 40. Bxh1 Qh4 41.
Qg2 Bf2 42. Kc2 Be3 43. Qf1 Kg7 44. Bg2 Kf6 45. Kc3 Kg5 46. Kd3 Qh2 47. Ke2 Qg3
48. Kd1 Qf2 49. Qxf2 Bxf2 50. Bf1 Kh4 51. Bd3 Kg3 52. Ke2 1/2-1/2

[Event "Druzynowe Mistrzostwa Polski Juniorow - Ekstraliga 2018"]
[Site "Kudowa-Zdroj"]
[Date "1899-12-30"]
[Round "6.11"]
[White "Kucharska, Honorata"]
[Black "Jarocka, Liwia"]
[Result "1/2-1/2"]
[WhiteTitle "WFM"]
[BlackTitle "FM"]
[WhiteElo "2029"]
[BlackElo "1984"]

1. e4 c5 2. Nf3 e6 3. d3 Nc6 4. g3 g6 5. Bg2 Bg7 6. O-O Nge7 7. c3 O-O 8. Be3 b6
9. d4 cxd4 10. Nxd4 Ba6 11. Re1 Nxd4 12. cxd4 d5 13. e5 Qd7 14. Nc3 Rfc8 15. g4
Nc6 16. Qd2 Na5 17. b3 Rc7 18. Bg5 Rac8 19. Re3 Qe8 20. Rh3 Qf8 21. Bf6 b5 22.
Bf1 b4 23. Na4 Bxf1 24. Kxf1 Rc2 25. Qf4 Nb7 26. g5 Bxf6 27. Qxf6 Rc1+ 28. Rxc1
Rxc1+ 29. Kg2 Rc2 30. Qf4 Rxa2 31. Qc1 Qd8 32. Rg3 Qd7 33. Rf3 Re2 34. h4 Re4
35. Qd2 Qe7 36. Kh3 h5 37. Rg3 Rg4 38. Rxg4 hxg4+ 39. Kxg4 Na5 40. Nc5 Nc6 41.
f4 Qc7 42. Qd3 Kg7 43. h5 gxh5+ 44. Kxh5 Ne7 45. g6 Nf5 1/2-1/2

[Event "Druzynowe Mistrzostwa Polski Juniorow - Ekstraliga 2018"]
[Site "Kudowa-Zdroj"]
[Date "1899-12-30"]
[Round "6.12"]
[White "Hertlein, Irena"]
[Black "Kroliczek, Gabriela"]
[Result "0-1"]
[WhiteTitle "I+"]
[BlackTitle "I++"]
[WhiteElo "1545"]
[BlackElo "1736"]

1. d4 e6 2. Nf3 f5 3. g3 Nf6 4. Bg2 Be7 5. O-O O-O 6. c4 d6 7. b3 Qe8 8. Bb2 Qg6
9. e3 Nbd7 10. Nc3 a6 11. Ne2 Ne4 12. Nd2 Ndf6 13. f3 Nxd2 14. Qxd2 d5 15. a4
Bd7 16. Ba3 Bxa3 17. Rxa3 Qh6 18. Nf4 g5 19. Nd3 Rae8 20. Ne5 Bc8 21. c5 Qg7 22.
b4 h5 23. b5 axb5 24. axb5 g4 25. Ra7 Re7 26. Kf2 gxf3 27. Bxf3 Ng4+ 28. Bxg4
fxg4+ 29. Ke1 Rxf1+ 30. Kxf1 Qg5 31. Qd3 Kg7 32. Ke1 h4 33. Qe2 hxg3 34. Qxg4
Qxg4 35. Nxg4 e5 36. hxg3 Bxg4 37. dxe5 Bc8 38. Kd2 Kf7 39. Kd3 Ke6 40. Kd4 Rg7
41. c6 bxc6 42. bxc6 Rg4+ 43. Kc5 Rc4+ 44. Kb5 Kxe5 45. Rxc7 Be6 46. Re7 Kd6 47.
Rh7 Rxc6 48. Rh1 Rc3 49. Re1 Ke5 50. Kb4 Rd3 51. Kc5 Bf5 52. Kc6 Rc3+ 53. Kb5
Ke4 54. g4 Bxg4 55. Rg1 Be2+ 56. Kb4 Rxe3 57. Rh1 Bf3 58. Rh4+ Kd3 59. Kc5 Re4
60. Rh3 Ke3 0-1

[Event "Druzynowe Mistrzostwa Polski Juniorow - Ekstraliga 2018"]
[Site "Kudowa-Zdroj"]
[Date "1899-12-30"]
[Round "6.13"]
[White "Szustakowski, Antoni"]
[Black "Szczurek, Krzysztof"]
[Result "1-0"]
[WhiteTitle "FM"]
[BlackTitle "FM"]
[WhiteElo "2330"]
[BlackElo "2136"]

1. d4 Nf6 2. c4 g6 3. Nc3 Bg7 4. e4 d6 5. Be2 O-O 6. Bg5 h6 7. Be3 Nbd7 8. Qd2
Kh7 9. f3 e5 10. d5 Ng8 11. h4 f5 12. h5 f4 13. hxg6+ Kh8 14. Bf2 Ne7 15. g4 Kg8
16. O-O-O Nxg6 17. Nh3 Nf6 18. g5 hxg5 19. Nxg5 Ng4 20. fxg4 Qxg5 21. Rh5 Qe7
22. Bf3 Bd7 23. Rdh1 a6 24. Be1 b5 25. Qh2 Rf7 26. Rh7 Qg5 27. Rh5 Qe7 28. g5
bxc4 29. Rh7 Rff8 30. Qh5 Qf7 31. Nd1 Rfe8 32. Nf2 Kf8 33. Ng4 Bxg4 34. Bxg4 f3
35. Be6 Rxe6 36. dxe6 Qxe6 37. Rxg7 Kxg7 38. Qh7+ Kf8 39. Rh6 f2 40. Bxf2 Qf7
41. Qxg6 1-0

[Event "Druzynowe Mistrzostwa Polski Juniorow - Ekstraliga 2018"]
[Site "Kudowa-Zdroj"]
[Date "1899-12-30"]
[Round "6.14"]
[White "Warchol, Bartosz"]
[Black "Kowalski, Igor"]
[Result "0-1"]
[WhiteTitle "I++"]
[BlackTitle "FM"]
[WhiteElo "1950"]
[BlackElo "2324"]

1. Nf3 c5 2. c4 Nc6 3. Nc3 g6 4. g3 Bg7 5. Bg2 d6 6. O-O e5 7. d3 Nge7 8. a3 O-O
9. Rb1 f5 10. Bd2 h6 11. b4 g5 12. b5 Nb8 13. Ne1 Nd7 14. Qc1 f4 15. e3 fxg3 16.
fxg3 Rxf1+ 17. Bxf1 Nf6 18. e4 Be6 19. Ng2 Qd7 20. Ne3 Rf8 21. Qe1 Ng6 22. Bg2
Ng4 23. Nxg4 Bxg4 24. Qe3 Nf4 25. Bf1 Nh3+ 26. Bxh3 Bxh3 27. Re1 Qf7 28. Qe2 Bg4
29. Qe3 Kh7 30. Nd1 Qh5 31. Nf2 Rf3 32. Nxg4 Rxe3 33. Nxe3 Qf3 34. Bc3 h5 35.
Bd2 Kg6 36. Bc1 Bh6 37. Bd2 g4 38. Nf5 Bg5 39. Bxg5 Kxg5 40. Ne3 b6 41. a4 Kg6
42. Nd5 Qxd3 43. Ne7+ Kg5 44. Nc8 h4 45. gxh4+ Kxh4 46. Ne7 Qxc4 47. Nf5+ Kg5
0-1

[Event "Druzynowe Mistrzostwa Polski Juniorow - Ekstraliga 2018"]
[Site "Kudowa-Zdroj"]
[Date "1899-12-30"]
[Round "6.15"]
[White "Iwaszkiewicz, Krzysztof"]
[Black "Jozefczyk, Szymon"]
[Result "1/2-1/2"]
[WhiteTitle "II+"]
[BlackTitle "II"]
[WhiteElo "1683"]
[BlackElo "1734"]

1. d4 c5 2. d5 d6 3. c4 g6 4. Bd2 Bg7 5. Bc3 Nf6 6. Nf3 e6 7. e3 exd5 8. cxd5 O-O
9. a4 Nbd7 10. a5 a6 11. Qb3 Rb8 12. Nbd2 b5 13. axb6 Rxb6 14. Qd1 Qe7 15. Nc4
Rb8 16. Na5 Ra8 17. Nc6 Qe8 18. Qb3 Ne4 19. Bxg7 Kxg7 20. Bd3 Ndf6 21. Na5 Bd7
22. O-O Qe7 23. Bc4 Rfb8 24. Qc2 Rb6 25. Ra2 Bf5 26. Qe2 Qc7 27. Rfa1 Bd7 28.
h3 Bb5 29. Nd2 Nxd2 30. Qxd2 Bxc4 31. Nxc4 Rb4 32. Na5 Nd7 33. Qd3 Ne5 34. Qc3
f6 35. f4 Nd7 36. Kh2 Nb6 37. Qd3 c4 38. Qd4 Rb5 39. e4 Qc5 40. Qxc5 dxc5 41.
d6 Rd8 42. Rd1 Rd7 43. Rd2 Kf7 44. e5 Ke6 45. Re2 fxe5 46. fxe5 g5 47. Nc6 Nd5
48. Rxa6 Nf4 49. Rf2 Kd5 50. Rd2+ Nd3 51. Re2 Ke6 52. Ra5 Rb6 53. Ne7 Rb8 1/2-1/2

[Event "Druzynowe Mistrzostwa Polski Juniorow - Ekstraliga 2018"]
[Site "Kudowa-Zdroj"]
[Date "1899-12-30"]
[Round "6.16"]
[White "Swiech, Lukasz"]
[Black "Rak, Jacek"]
[Result "1/2-1/2"]
[WhiteTitle "II"]
[BlackTitle "II"]
[WhiteElo "1591"]
[BlackElo "1457"]

1. e4 c5 2. g3 Nc6 3. Bg2 g6 4. c3 Bg7 5. Ne2 e6 6. d4 cxd4 7. cxd4 d5 8. exd5
exd5 9. Nbc3 Nge7 10. Be3 Be6 11. O-O O-O 12. Qd2 Qd7 13. Nf4 Rad8 14. Rfd1 Rc8
15. Rac1 Rfe8 16. h3 Red8 17. Kh2 Re8 18. Re1 b6 19. Nce2 Nf5 20. b4 Nce7 21.
Ng1 Nd6 22. Qe2 b5 23. Nf3 Nc4 24. Nd3 Nf5 25. Nc5 Qc6 26. Rc3 f6 27. Nd2 Nfd6
28. Qf3 Nb6 29. Bf4 Ndc4 30. Rcc1 Rcd8 31. Ndb3 Bf7 32. Be3 Qc8 33. h4 Nxe3 34.
fxe3 Nc4 35. Na5 Re7 36. Rc3 f5 37. Qf4 Rde8 38. a3 h5 39. Nxc4 bxc4 40. Qd6 Qc7
41. Qxc7 Rxc7 42. Nd3 Rce7 43. Nf4 Bxd4 44. Rc2 Rd8 45. Rd1 Bxe3 46. Nxd5 Bxd5
47. Rxd5 Rc8 48. Rd6 Kg7 49. Rc6 Rxc6 50. Bxc6 f4 51. Rxc4 fxg3+ 52. Kxg3 Bb6
53. a4 Bc7+ 54. Kf3 Rf7+ 55. Ke3 Kf6 56. Be4 Bb6+ 57. Kd3 Ke5 58. Bxg6 Rf3+ 59.
Ke2 Rf4 60. Rxf4 Kxf4 61. Bxh5 Bd8 62. Kd3 Bxh4 63. Kc4 Ke5 64. Kc5 Bf2+ 65. Kc6
Bg1 66. a5 Bf2 67. b5 Bg1 68. b6 Bxb6 69. axb6 Ke4 1/2-1/2

[Event "Druzynowe Mistrzostwa Polski Juniorow - Ekstraliga 2018"]
[Site "Kudowa-Zdroj"]
[Date "1899-12-30"]
[Round "6.17"]
[White "Malicka, Maria"]
[Black "Surpeta, Julia"]
[Result "1-0"]
[WhiteTitle "WCM"]
[BlackTitle "I"]
[WhiteElo "2174"]
[BlackElo "1611"]

1. e4 c5 2. Nf3 d6 3. d4 cxd4 4. Nxd4 Nf6 5. Nc3 a6 6. h3 e5 7. Nde2 b5 8. g4 b4
9. Nd5 Nxd5 10. Qxd5 Ra7 11. Bg2 Be6 12. Qd3 Be7 13. Ng3 Rd7 14. Nf5 Bf6 15. Ne3
g6 16. Bd2 a5 17. a3 Nc6 18. Nd5 Bg7 19. axb4 axb4 20. Ra6 Qc8 21. Nb6 Qb7 22.
Nxd7 Bxd7 23. Ra4 Qb8 24. O-O O-O 25. Rfa1 Be6 26. Be3 Qb7 27. Qa6 Qd7 28. Qb5
Qc7 29. Ra8 Nb8 30. R1a7 Qc8 31. Rb7 Bc4 32. Rbxb8 1-0

[Event "Druzynowe Mistrzostwa Polski Juniorow - Ekstraliga 2018"]
[Site "Kudowa-Zdroj"]
[Date "1899-12-30"]
[Round "6.18"]
[White "Dylag, Emilia"]
[Black "Mezykowska, Emilia"]
[Result "1-0"]
[WhiteTitle "k"]
[BlackTitle "I"]
[WhiteElo "1989"]
[BlackElo "1622"]

1. d4 Nf6 2. Nf3 c5 3. d5 e6 4. Nc3 exd5 5. Nxd5 Nxd5 6. Qxd5 Be7 7. e4 Nc6 8.
Bc4 O-O 9. O-O d6 10. Qh5 h6 11. Bf4 Be6 12. Bxe6 fxe6 13. Qg4 Kh8 14. Bg3 Qd7
15. Rad1 Rad8 16. Be5 Rf7 17. Qh5 Kg8 18. Bg3 d5 19. Rfe1 Bf6 20. c4 Bxb2 21.
cxd5 exd5 22. Rxd5 Qe6 23. Rxd8+ Nxd8 24. Qxc5 Qxa2 25. Qc8 Rf8 26. Bd6 Re8 27.
Qc2 Qa6 28. e5 Nf7 29. Qxb2 Nxd6 30. exd6 Rxe1+ 31. Nxe1 Qxd6 32. Qxb7 Qd1 33.
Qc8+ Kf7 34. Qc3 Ke6 35. g3 Kf7 36. Kg2 Qd5+ 37. Qf3+ Ke6 38. Nc2 a5 39. Qxd5+
Kxd5 40. Kf3 Kc4 41. Ke2 Kc3 42. Kd1 Kb2 43. Kd2 a4 44. f4 a3 45. g4 a2 46. g5
hxg5 47. fxg5 g6 48. h4 1-0

[Event "Druzynowe Mistrzostwa Polski Juniorow - Ekstraliga 2018"]
[Site "Kudowa-Zdroj"]
[Date "1899-12-30"]
[Round "6.19"]
[White "Kosakowski, Jakub"]
[Black "Gumularz, Szymon"]
[Result "1/2-1/2"]
[WhiteTitle "FM"]
[BlackTitle "IM"]
[WhiteElo "2324"]
[BlackElo "2461"]

1. e4 c5 2. Nf3 d6 3. d4 cxd4 4. Nxd4 Nf6 5. Nc3 Nc6 6. Bg5 Bd7 7. Qd2 h6 8. Bxf6
gxf6 9. O-O-O Rc8 10. Nf5 Qa5 11. Kb1 Bxf5 12. exf5 Qxf5 13. Bd3 Qa5 14. Qf4 e6
15. Qxf6 Qe5 16. Qf3 Bg7 17. Rhe1 Qf6 18. Qxf6 Bxf6 19. Ne4 Ke7 20. f4 Rhg8 21.
g3 d5 22. Nf2 Bd4 23. Nh3 Kf6 24. Be2 Bb6 25. f5 Kxf5 26. Bh5 Rg7 27. Rf1+ Ke5
28. Bxf7 Kd6 29. Bh5 Nd4 30. Rd2 Nf5 31. c3 Rc4 32. Be2 Rcc7 33. Bd3 Ne3 34. Re1
e5 35. Rde2 Ng4 36. Bc2 d4 37. cxd4 Bxd4 38. Ng1 Rgf7 39. Be4 Rf2 40. Nf3 Rf7
41. Nxd4 exd4 1/2-1/2

[Event "Druzynowe Mistrzostwa Polski Juniorow - Ekstraliga 2018"]
[Site "Kudowa-Zdroj"]
[Date "1899-12-30"]
[Round "6.20"]
[White "Czopor, Maciej"]
[Black "Pytel, Maciej"]
[Result "1-0"]
[WhiteTitle "k"]
[BlackTitle "I++"]
[WhiteElo "2217"]
[BlackElo "2051"]

1. e4 c5 2. Nf3 e6 3. d4 cxd4 4. Nxd4 a6 5. c4 Qc7 6. Nc3 d6 7. Be2 Nf6 8. O-O
Be7 9. Be3 b6 10. f4 Bb7 11. Bf3 Nc6 12. Rc1 Nxd4 13. Qxd4 Rb8 14. g4 O-O 15.
g5 Nd7 16. Bg2 Rfe8 17. b3 Bf8 18. Qd2 Nc5 19. f5 Rbd8 20. Bf4 Qc8 21. f6 d5 22.
exd5 exd5 23. Nxd5 Ne4 24. Qc2 Qg4 25. h3 Bc5+ 26. Kh2 Qf5 27. Rce1 Bxd5 28. cxd5
Nd6 29. Qxf5 Nxf5 30. fxg7 Ne3 31. Bxe3 Bxe3 32. h4 Kxg7 33. Kh3 h6 34. Rf3 Bc5
35. Ref1 Re7 36. gxh6+ Kxh6 37. Rxf7 Rxf7 38. Rxf7 Kg6 39. Rf4 Kg7 40. Be4 Bd6
41. Rg4+ Kf6 42. h5 Ke5 43. h6 1-0

[Event "Druzynowe Mistrzostwa Polski Juniorow - Ekstraliga 2018"]
[Site "Kudowa-Zdroj"]
[Date "1899-12-30"]
[Round "6.21"]
[White "Karolczuk, Iwo"]
[Black "Fiedorek, Michal"]
[Result "1-0"]
[WhiteTitle "I"]
[BlackTitle "I"]
[WhiteElo "1783"]
[BlackElo "2066"]

1. c4 Nf6 2. g3 e6 3. Nf3 d5 4. b3 Be7 5. Bb2 O-O 6. Bg2 c5 7. O-O Nc6 8. cxd5
Nxd5 9. d4 Qc7 10. Nbd2 cxd4 11. Nxd4 Nxd4 12. Bxd4 Rd8 13. Nf3 Ba3 14. e4 Ne7
15. Qe2 Nc6 16. Bb2 Bxb2 17. Qxb2 b6 18. Rac1 Bb7 19. Nd2 Qe5 20. Qxe5 Nxe5 21.
Rc2 Rac8 22. Rfc1 Rxc2 23. Rxc2 Kf8 24. f4 Ng4 25. Nf1 Rd1 26. Rc3 Nf6 27. e5
Nd5 28. Bxd5 exd5 29. Kf2 Ba6 30. Ne3 Rd2+ 31. Ke1 Re2+ 32. Kd1 d4 33. Nc4 Rxh2
34. Rc2 Rh1+ 35. Kd2 Rg1 36. Kd3 Rxg3+ 37. Kxd4 h5 38. Nd6 Rf3 39. f5 g5 40. Rc7
h4 41. Rxf7+ Kg8 42. f6 Rg3 43. Rg7+ Kf8 44. e6 Rd3+ 45. Ke4 1-0

[Event "Druzynowe Mistrzostwa Polski Juniorow - Ekstraliga 2018"]
[Site "Kudowa-Zdroj"]
[Date "1899-12-30"]
[Round "6.22"]
[White "Luberanski, Jakub"]
[Black "Szydlo, Michal"]
[Result "1/2-1/2"]
[WhiteTitle "I"]
[BlackTitle "I"]
[WhiteElo "1762"]
[BlackElo "1697"]

1. e4 c5 2. Nf3 d6 3. d4 cxd4 4. Nxd4 Nf6 5. Nc3 a6 6. h3 e5 7. Nde2 h5 8. Bg5
Be6 9. Ng3 Nbd7 10. Bd3 Be7 11. O-O Qc7 12. a4 h4 13. Nge2 b6 14. Qd2 Nc5 15.
f4 Ncd7 16. f5 Bc4 17. Rac1 d5 18. exd5 Bc5+ 19. Kh1 Bxd3 20. Qxd3 Rh5 21. Bxf6
Nxf6 22. Ne4 Rd8 23. c4 Ke7 24. Qf3 Rh6 25. N2c3 Bd4 26. d6+ Rxd6 27. Nxd6 Kxd6
28. Nd5 Qc6 29. Nxf6 Rxf6 30. Qg4 Qxa4 31. Qxg7 Ke7 32. Ra1 Qd7 33. Rxa6 Rxf5
34. Rfa1 Bxb2 35. Ra7 Bxa1 36. Rxd7+ Kxd7 37. Qg4 Ke6 38. Kh2 Bd4 39. Qxh4 Rf4
40. Qh6+ f6 41. Qf8 Kf5 42. Qc8+ Ke4 43. g4 Rf2+ 44. Kg3 Rf3+ 45. Kg2 Rf2+ 46.
Kg3 Kd3 47. Qa6 Bc5 48. Qa4 e4 49. Qb3+ Kd2 50. Qb2+ Kd3 51. Qb3+ Kd2 52. Qb2+
1/2-1/2